00626nam a22001457a 4500008004100000082002000041245011800061250001300179260007200192300003400264500002100298942001200319999001700331952013200348090204t xxu||||| |||| 00| 0 eng d 222a004.03bCOM aA Glossary of Computing Terms / cedited by The British Computer Society Schools Committee Glossary Working Party a 7th ed. aLondon : bPitman on behalf of the British Computer Society, c1991 aviii,149p. :b ill. ; c21cm. a Includes index. 2ddccBB c10677d10677 00102ddc40708AlahramaMAINbMAINcLOWd2009-02-04epurchaseg30.70h6396l0o004.03 COMp000014426r2025-07-15 00:00:00yBB